Marvel Ultimate Alliance - All Playable Characters - Statistics

General Stats
  • This quiz has been taken 32 times
    23 since last reset
  • The average score is 40 of 60
Answer Stats
Answer MUA1 MUA2 MUA3 % Correct
Hulk DLC
100%
Spider-Man
100%
Spider-Man (Miles Morales) X X
100%
Thor
100%
Wolverine
100%
Captain America
91%
Iron Man
91%
Black Panther DLC
82%
Black Widow X X
82%
Cyclops DLC ✔*
82%
Daredevil
82%
Dr. Doom DLC X DLC
82%
Hawkeye DLC X
82%
Luke Cage
82%
Magneto DLC DLC
82%
Phoenix/Jean Grey X DLC
82%
Carnage X DLC X
73%
Dr. Strange X
73%
Gamora X X
73%
Human Torch DLC
73%
Iceman DLC
73%
Invisible Woman DLC
73%
Iron Fist X
73%
Rocket Raccoon and Groot X X
73%
Star-Lord X X
73%
Thanos X X
73%
Thing DLC
73%
Venom DLC
73%
Cable X DLC DLC
64%
Captain Marvel (Carol Danvers)
64%
Colossus ✔* X
64%
Deadpool
64%
Drax the Destroyer X X
64%
Elektra X
64%
Gambit X
64%
Green Goblin X X
64%
Loki X X
64%
Moon Knight ✔* X DLC
64%
Mr. Fantastic DLC
64%
Ms. Marvel (Kamala Khan) X X
64%
Nightcrawler DLC X
64%
Psylocke X DLC
64%
Punisher X X DLC
64%
Silver Surfer X X
64%
Storm
64%
Nick Fury X
55%
Scarlet Witch X X
55%
Spider-Woman X X
55%
Blade ✔* DLC
45%
Ghost Rider X
45%
Juggernaut X DLC X
45%
Penance X X
45%
Sabretooth DLC X X
45%
Songbird X X
45%
Wasp X X
45%
Crystal X X
36%
Falcon X X
36%
Elsa Bloodstone X X
27%
Morbius X X DLC
27%
Spider-Gwen X X
27%
No matching quizzes found
Score Distribution
Percent of People with Each Score
Percentile by Number Answered
Your Score History
You have not taken this quiz since the last reset